00547nam a2200169Ia 4500008004100000100001500041245007700056245001500133260005900148260000900207300001000216650001800226650001500244856002600259999001900285952007300304170221s9999 xx 000 0 und d aIpek Halim aAnalysing the Effectiveness of the Personality Symbols/Icons Ipek Halim  cIpek Halim bOnline Journal of Communication and Media Technologies c2012 a2 : 3 xCommunication xMedia Arts uhttp://www.ojcmt.net/ c307298d307298 001040aCLbCLd2017-02-21l0r2017-02-21 00:00:00w2017-02-21yFOJ